00901cam a22002171 4500001001300000003000400013005001700017008004100034010001700075035001900092040001900111050001700130100003400147245015300181260004900334300003400383490005300417500014500470650003400615740003400649e 36000002 DLC20260227111225.0771220s1936 dcu 000 0 eng  ae 36000002  a(OCoLC)3503270 aDLCcPKuSdDLC00aLC2801b.C271 aCaliver, Ambrose,d1894-1962.10aAvailability of education to Negroes in rural communities /cby Ambrose Caliver, senior specialist in the education of negroes, Office of Education. aWashington :bU.S. Govt. Print. Off.,c1936. aiv, 86 p. :btables ;c23 cm.0 aU.S. Office of Education. Bulletin 1935,vno. 12 aAt head of title: United States Department of the Interior, Harold L. Ickes, secretary. Office of Education, J.W. Studebaker, commissioner. 0aAfrican AmericansxEducation.0 aNegroes in rural communities.